El rock perdido : | de los hippies a la cultura chabona . (Registro nro. 1400)
[ vista simple ]
| 000 -CABECERA | |
|---|---|
| fixed length control field | 01285aam a2200373 a 4500 |
| 001 - NUMERO DE CONTROL | |
| control field | 001367191 |
| 003 - CONTROL NUMBER IDENTIFIER | |
| control field | AR-BeUNQ |
| 005 - FECHA Y HORA DE LA ULTIMA TRANSACCION | |
| control field | 20251020145136.0 |
| 007 - CAMPO FIJO DE DESCRIPCION FIJA - INFORMACION GENERAL | |
| fixed length control field | ta |
| 008 - ELEMENTOS DE LONGITUD FIJA-INFORMACION GENERAL | |
| fixed length control field | 160823s2014 ag gr 001 0 spa |
| 015 ## - NATIONAL BIBLIOGRAPHY NUMBER | |
| National bibliography number | AR-2014 |
| 020 ## - NUMERO INTERNACIONAL NORMALIZADO PARA LIBROS | |
| Número Internacional Normalizado del libro | 9789875807037 |
| 040 ## - FUENTE DE CATALOGACION | |
| Agencia de catalogación original | AR-BeUNQ |
| Idioma de catalogación | ESPAÑOL |
| Agencia que realiza la transcripción | AR-BaBN |
| Convenciones de la descripción | aacr |
| 043 ## - GEOGRAPHIC AREA CODE | |
| Geographic area code | s-ag--- |
| 044 ## - COUNTRY OF PUBLISHING/PRODUCING ENTITY CODE | |
| MARC country code | ag |
| ISO country code | ar-c |
| 082 ## - NUMERO DE CLASIFICACION DECIMAL DEWEYMBER | |
| Número de la edición | 21 |
| Número de clasificación | 708 MAR |
| 100 1# - ASIENTO PRINCIPAL-NOMBRE PERSONAL | |
| Nombre personal | Marchi, Sergio, |
| Fecha asociada al nombre | 1963- |
| Término relacionador | autor |
| Relationship | aut |
| 245 13 - MENCION DE TITULO | |
| Título | El rock perdido : |
| Otra información sobre el título | de los hippies a la cultura chabona . |
| Mención de responsabilidad, etc | Sergio Marchi. |
| Medio físico | Libro. |
| 250 ## - MENCION DE EDICION | |
| Mención de edición | 1a ed. |
| 260 ## - PUBLICACION, DISTRIBUCION, ETC. | |
| Lugar de publicación, distribución, etc. | Ciudad Autónoma de Buenos Aires : |
| Nombre del editor, distribuidor, etc. | Le Monde Diplomatique |
| Fecha de publicación, distribución, etc | 2014. |
| 300 ## - DESCRIPCION FISICA | |
| Extensión | 128 p. ; |
| Dimensiones | 19 cm. |
| 490 ## - MENCION DE SERIE | |
| Mención de serie | Le Monde Diplomatique |
| 650 #4 - ASIENTO SECUNDARIO DE MATERIA - TERMINO TEMATICO | |
| Término temático o nombre geográfico como elemento de entrada | Rock (Música) |
| Geographic subdivision | Argentina |
| General subdivision | Historia y crítica |
| 751 ## - ADDED ENTRY-GEOGRAPHIC NAME | |
| Geographic name | Buenos Aires |
| Relator term | lugar de publicación |
| Relationship | pup |
| 929 1# - DATOS DE ADQUISICION | |
| Procedencia | DONACION |
| Proveedor | Biblioteca Municipal D F Sarmiento |
| Orden de compra | 0 |
| Precio | 0 |
| Fecha de recibido | 2022 |
| Número de inventario | 63577 |
| 930 #1 - EQUIVALENCE OR CROSS-REFERENCE-UNIFORM TITLE HEADING [LOCAL, CANADA] | |
| Language of a work | BNA01 |
| Medium of performance for music | LIBRO |
| Linkage | 01029410 |
| Field link and sequence number | 20160824 |
| Date of a work | 11 |
| Version | 03 |
| Number of part/section of a work | 007 |
| Arranged statement for music | 001367191 |
| 942 ## - ELEMENTOS DE PUNTO DE ACCESO ADICIONAL (KOHA) | |
| Source of classification or shelving scheme | |
| Suppress in OPAC | 0 |
| Tipo de ítem Koha | Libros |
| 956 ## - LOCAL ELECTRONIC LOCATION AND ACCESS (OCLC) | |
| Host name | VFRIAS |
| Access number | 20 |
| Compression information | 20160823 |
| Logon | BNA01 |
| Processor of request | 1855 |
| 956 ## - LOCAL ELECTRONIC LOCATION AND ACCESS (OCLC) | |
| Host name | VFRIAS |
| Access number | 20 |
| Compression information | 20160824 |
| Logon | BNA01 |
| Processor of request | 1548 |
| 956 ## - LOCAL ELECTRONIC LOCATION AND ACCESS (OCLC) | |
| Host name | VFRIAS |
| Access number | 20 |
| Compression information | 20160824 |
| Logon | BNA01 |
| Processor of request | 1549 |
| 956 ## - LOCAL ELECTRONIC LOCATION AND ACCESS (OCLC) | |
| Host name | BATCH-UPD |
| Access number | 20 |
| Compression information | 20170817 |
| Logon | BNA01 |
| Processor of request | 1908 |
| 956 ## - LOCAL ELECTRONIC LOCATION AND ACCESS (OCLC) | |
| Host name | PLEMOS |
| Access number | 20 |
| Compression information | 20190315 |
| Logon | BNA01 |
| Processor of request | 0840 |
| Estado de retiro | Estado de pérdida | Ubicación permanente | Ubicación actual | Ubicación en estantería | Fecha de ingreso | Total Checkouts | Signatura topográfica completa | Inventario | Date last seen | Tipo de ítem Koha | Operador |
|---|---|---|---|---|---|---|---|---|---|---|---|
| Biblioteca ESET - UNQ | Biblioteca ESET - UNQ | CIRCULACION | 20/10/2025 | 863MAR | 63577 | 20/10/2025 | Libros | Gladys Alarcon |